| 000 | 00848nam a2200289Ia 4500 | ||
|---|---|---|---|
| 001 | Para_6592 | ||
| 003 | CHAP | ||
| 008 | 220125s1983 xx 000 0 und d | ||
| 010 | _a205118 | ||
| 040 | _cCHAP | ||
| 090 | _aPA FOLLETO 596 | ||
| 100 |
_aGómez de la Barreda, D. _9171069 |
||
| 245 |
_aLa utilización de herbicidas en los agrios / _c por D. Gómez de Barreda |
||
| 260 |
_aMadrid : _b Instituto Naiconal de Investigaciones Agrarias |
||
| 300 | _a34 p. | ||
| 440 |
_aHoja técnica; 51 _9171070 |
||
| 650 |
_aCítricos _x España _924428 |
||
| 650 |
_aCítricos _x malas hierbas _x control _924447 |
||
| 650 |
_aHerbicidas _953691 |
||
| 901 | _aPA FOLLETO 596 | ||
| 902 | _aA | ||
| 905 | _a0000001983 0000000000 00 | ||
| 910 | _a1983 | ||
| 942 | _cPARA | ||
| 942 |
_cPARA _d1 |
||
| 999 |
_c205118 _d205118 |
||